Štúdium mikroštruktúry vybraných zliatin zo systému Zn-Mg-Sc

Saved in:
Bibliographic Details
Main Author: Ladecká, Izabela (Author)
Other Authors: Černičková, Ivona (Thesis advisor)
Format: Manuscript Book
Language:Slovak
Published: 2018
Subjects:
Online Access:http://is.stuba.sk/zp/portal_zp.pl?podrobnosti=138452
Tags: Add Tag
No Tags, Be the first to tag this record!

MARC

LEADER 00000ntm a22000003a 4500
001 stuzp68785
003 SK-STU
005 20180820160642.7
007 ta
008 150427s2015----xo-----f-mn---000-0-slo-d
040 |a STU  |b slo 
041 0 |a slo 
100 1 |a Ladecká, Izabela  |u 061000  |4 aut  |U MTF Materiálovotechnologická fakulta  |T MTF Ústav materiálov  |X 71518  |U M1000  |Y 81  |7 71518 
242 0 1 |a Study of microstructure of selected alloys in Zn Mg Sc system  |y eng 
245 1 0 |a Štúdium mikroštruktúry vybraných zliatin zo systému Zn-Mg-Sc 
260 |c 2018 
650 4 |a kvázikryštály  |2 slo 
650 4 |a kvázikryštalické aproximanty  |2 slo 
650 4 |a systém Zn-Mg-Sc  |2 slo 
650 4 |a quasicrystal approximants  |2 eng 
650 4 |a Zn-Mg-Sc system  |2 eng 
650 4 |a quasicrystals  |2 eng 
700 1 |a Černičková, Ivona  |u 061000  |k Z1  |4 ths  |U MTF Materiálovotechnologická fakulta  |T MTF Ústav materiálov  |X 66646  |U M1000  |Y 81  |7 A000066646 
856 4 |u http://is.stuba.sk/zp/portal_zp.pl?podrobnosti=138452 
996 |c M* DP-13653  |l MMSKP  |s P  |a 0  |w stuzp68785_0001